[Event "FICGS rapid C 000089 email"]
[Site "FICGS email"]
[Date "2010.06.18"]
[Round "1"]
[White "Gruwe, Gary"]
[Black "Leclerc, Sophie"]
[Result "1-0"]
[WhiteElo "1695"]
[BlackElo "1688"]
[PlyCount "23"]
[EventDate "2010.??.??"]
[EventType "tourn (rapid)"]
[EventRounds "6"]
[SourceTitle "Corr 2013"]
[Source "ChessBase"]
[SourceDate "2012.11.12"]
[SourceVersion "1"]
[SourceVersionDate "2012.11.12"]
[SourceQuality "1"]

1. d4 f5 2. Nc3 Nf6 3. Bg5 e6 4. e4 fxe4 5. Nxe4 Be7 6. Bxf6 Bxf6 7. Qh5+ g6 8. Qh6 Nc6 9. Nf3 d5 10. Nxf6+ Qxf6 11. 0-0-0 Bd7 12. Bb5 1-0

[Event "FICGS rapid C 000089 email"]
[Site "FICGS email"]
[Date "2010.06.18"]
[Round "1"]
[White "Ravi"]
[Black "Gruwe, Gary"]
[Result "1-0"]
[WhiteElo "1696"]
[BlackElo "1695"]
[PlyCount "29"]
[EventDate "2010.??.??"]
[EventType "tourn (rapid)"]
[EventRounds "6"]
[SourceTitle "Corr 2013"]
[Source "ChessBase"]
[SourceDate "2012.11.12"]
[SourceVersion "1"]
[SourceVersionDate "2012.11.12"]
[SourceQuality "1"]

1. e4 d5 2. exd5 Qxd5 3. Nc3 Qa5 4. d4 c6 5. Nf3 Nf6 6. Bc4 Bf5 7. Ne5 e6 8. g4 Bg6 9. h4 Nbd7 10. Nxd7 Kxd7 11. h5 Be4 12. 0-0 Bd6 13. Nxe4 Nxe4 14. Qf3 Nf6 15. g5 1-0

[Event "FICGS class C 000082 email"]
[Site "FICGS email"]
[Date "2008.05.21"]
[Round "1"]
[White "Block, Benjamin"]
[Black "Gruwe, Gary"]
[Result "1-0"]
[WhiteElo "1711"]
[BlackElo "1750"]
[PlyCount "89"]
[EventDate "2008.??.??"]
[EventType "tourn (corr)"]
[EventRounds "4"]
[SourceTitle "Corr 2022"]
[Source "ChessBase"]
[SourceDate "2021.10.24"]
[SourceVersion "1"]
[SourceVersionDate "2021.10.24"]
[SourceQuality "1"]

1. Nf3 Nf6 2. c4 c5 3. Nc3 Nc6 4. d4 cxd4 5. Nxd4 g6 6. e4 d6 7. Nc2 Bg7 8. Be2 0-0 9. 0-0 Nd7 10. Bd2 Nc5 11. f3 f5 12. b4 Ne6 13. exf5 Rxf5 14. Ne3 Rf7 15. Rb1 Nf4 16. Ned5 Nxe2+ 17. Qxe2 Nd4 18. Qd3 Bf5 19. Ne4 e6 20. Be3 exd5 21. cxd5 Nxf3+ 22. gxf3 Qh4 23. Bf2 Qh5 24. Bg3 Raf8 25. Bxd6 Rd8 26. Bg3 Bh3 27. d6 Bxf1 28. Rxf1 Qf5 29. Qb3 h6 30. Kg2 b6 31. Rd1 Kh7 32. Rc1 Rfd7 33. Rc7 Rf8 34. a4 Kh8 35. a5 g5 36. h3 bxa5 37. bxa5 a6 38. Rc5 Qg6 39. Qd3 Qf7 40. Bf2 Rb7 41. Rd5 Rb2 42. d7 Rd8 43. Nc5 Bf8 44. Nxa6 Rb7 45. Rf5 1-0

[Event "FICGS class C 000073 email"]
[Site "FICGS email"]
[Date "2008.02.10"]
[Round "1"]
[White "Gruwe, Gary"]
[Black "Kolawski, Christof"]
[Result "0-1"]
[WhiteElo "1735"]
[BlackElo "1782"]
[PlyCount "22"]
[EventDate "2008.??.??"]
[EventType "tourn (corr)"]
[EventRounds "4"]
[SourceTitle "Corr 2022"]
[Source "ChessBase"]
[SourceDate "2021.10.24"]
[SourceVersion "1"]
[SourceVersionDate "2021.10.24"]
[SourceQuality "1"]

1. d4 Nf6 2. Bg5 Ne4 3. Bf4 c5 4. d5 Qb6 5. Bc1 e6 6. f3 Nf6 7. e4 exd5 8. exd5 Bd6 9. Nd2 0-0 10. Nc4 Re8+ 11. Ne2 Qb4+ 0-1

[Event "FICGS class C 000073 email"]
[Site "FICGS email"]
[Date "2008.02.10"]
[Round "1"]
[White "Rosado, Raphael"]
[Black "Gruwe, Gary"]
[Result "0-1"]
[WhiteElo "1629"]
[BlackElo "1735"]
[PlyCount "32"]
[EventDate "2008.??.??"]
[EventType "tourn (corr)"]
[EventRounds "4"]
[SourceTitle "Corr 2022"]
[Source "ChessBase"]
[SourceDate "2021.10.24"]
[SourceVersion "1"]
[SourceVersionDate "2021.10.24"]
[SourceQuality "1"]

1. d4 Nf6 2. Nf3 e6 3. e3 c5 4. Bd3 b6 5. 0-0 Bb7 6. c4 Be7 7. Nc3 cxd4 8. exd4 0-0 9. d5 Na6 10. Re1 Rc8 11. a3 Nc7 12. dxe6 fxe6 13. b4 Qe8 14. Nd4 Qf7 15. Qe2 Bd6 16. Be3 Nh5 0-1

[Event "FICGS class C 000073 email"]
[Site "FICGS email"]
[Date "2008.02.10"]
[Round "1"]
[White "Tanda, Giovanni"]
[Black "Gruwe, Gary"]
[Result "1/2-1/2"]
[WhiteElo "1747"]
[BlackElo "1735"]
[PlyCount "41"]
[EventDate "2008.??.??"]
[EventType "tourn (corr)"]
[EventRounds "4"]
[SourceTitle "Corr 2022"]
[Source "ChessBase"]
[SourceDate "2021.10.24"]
[SourceVersion "1"]
[SourceVersionDate "2021.10.24"]
[SourceQuality "1"]

1. d4 Nf6 2. Nf3 e6 3. e3 c5 4. c3 b6 5. Nbd2 Bb7 6. Bd3 Be7 7. 0-0 Nc6 8. a3 0-0 9. e4 cxd4 10. cxd4 Rc8 11. b4 a6 12. Bb2 d5 13. e5 Nh5 14. g3 g6 15. Qe2 Nb8 16. Rac1 Ng7 17. Rxc8 Qxc8 18. Rc1 Qd7 19. Nf1 Rc8 20. Ne3 Rxc1+ 21. Bxc1 1/2-1/2

[Event "FICGS class C 000064 email"]
[Site "FICGS email"]
[Date "2007.11.03"]
[Round "1"]
[White "Gruwe, Gary"]
[Black "Behrmann, Klaus"]
[Result "1-0"]
[WhiteElo "1647"]
[BlackElo "1676"]
[PlyCount "21"]
[EventDate "2007.??.??"]
[EventType "tourn (corr)"]
[EventRounds "4"]
[SourceTitle "Corr 2022"]
[Source "ChessBase"]
[SourceDate "2021.10.24"]
[SourceVersion "1"]
[SourceVersionDate "2021.10.24"]
[SourceQuality "1"]

1. d4 f5 2. Nc3 Nf6 3. Bg5 e6 4. e4 h6 5. Bxf6 Qxf6 6. exf5 exf5 7. Qe2+ Kd8 8. 0-0-0 c6 9. d5 Bb4 10. Qc4 Bxc3 11. bxc3 1-0

[Event "FICGS class C 000064 email"]
[Site "FICGS email"]
[Date "2007.11.03"]
[Round "1"]
[White "Gruwe, Gary"]
[Black "Schwarz, Ingo"]
[Result "1/2-1/2"]
[WhiteElo "1647"]
[BlackElo "1627"]
[PlyCount "79"]
[EventDate "2007.??.??"]
[EventType "tourn (corr)"]
[EventRounds "4"]
[SourceTitle "Corr 2022"]
[Source "ChessBase"]
[SourceDate "2021.10.24"]
[SourceVersion "1"]
[SourceVersionDate "2021.10.24"]
[SourceQuality "1"]

1. d4 g6 2. Nf3 Bg7 3. Nc3 f6 4. e4 Nh6 5. Bf4 Nf7 6. Bc4 c6 7. Qe2 b5 8. Bxf7+ Kxf7 9. 0-0 a5 10. Rfe1 Ba6 11. Qe3 b4 12. Na4 Bb5 13. Nc5 Na6 14. e5 Nxc5 15. dxc5 Bc4 16. exf6 exf6 17. Nd2 Be6 18. Ne4 Rf8 19. Rad1 Kg8 20. Bh6 Qe7 21. a4 Bxh6 22. Qxh6 Qg7 23. Qxg7+ Kxg7 24. Nd6 h5 25. h4 g5 26. Rd4 Kg6 27. b3 Rg8 28. f3 Rg7 29. Kf2 Rag8 30. g3 Kh7 31. Red1 Kh6 32. Rh1 Kg6 33. Rc1 Kh6 34. Rh1 Kg6 35. hxg5 fxg5 36. Rg1 Kh6 37. Re1 Kg6 38. Kg1 Kh6 39. Kf2 Kg6 40. Kg1 1/2-1/2

[Event "FICGS class C 000060 email"]
[Site "FICGS email"]
[Date "2007.09.27"]
[Round "1"]
[White "Nebout, Louis"]
[Black "Gruwe, Gary"]
[Result "0-1"]
[WhiteElo "1700"]
[BlackElo "1609"]
[PlyCount "34"]
[EventDate "2007.??.??"]
[EventType "tourn (corr)"]
[EventRounds "4"]
[SourceTitle "Corr 2022"]
[Source "ChessBase"]
[SourceDate "2021.10.24"]
[SourceVersion "1"]
[SourceVersionDate "2021.10.24"]
[SourceQuality "1"]

1. e4 c5 2. Nf3 d6 3. d4 cxd4 4. Nxd4 Nf6 5. Nc3 g6 6. Bb5+ Bd7 7. Bxd7+ Qxd7 8. 0-0 Bg7 9. Re1 0-0 10. f4 Nc6 11. Nxc6 bxc6 12. Qf3 Rab8 13. e5 dxe5 14. fxe5 Ng4 15. e6 Qd4+ 16. Be3 Nxe3 17. Rxe3 Bh6 0-1

[Event "FICGS class D 000045 email"]
[Site "FICGS email"]
[Date "2007.05.10"]
[Round "1"]
[White "Gruwe, Gary"]
[Black "Goodwin, Adam"]
[Result "1-0"]
[WhiteElo "1500"]
[BlackElo "1415"]
[PlyCount "31"]
[EventDate "2007.??.??"]
[EventType "tourn (corr)"]
[EventRounds "6"]
[SourceTitle "Corr 2022"]
[Source "ChessBase"]
[SourceDate "2021.10.24"]
[SourceVersion "1"]
[SourceVersionDate "2021.10.24"]
[SourceQuality "1"]

1. e4 c5 2. Nc3 g6 3. g3 Bg7 4. Bg2 Nc6 5. d3 d6 6. h3 Nf6 7. Nge2 0-0 8. Be3 Ne8 9. Qd2 Nd4 10. 0-0-0 e5 11. f4 b5 12. Rdf1 b4 13. Nd5 Nc7 14. Nxc7 Qxc7 15. Kb1 Rb8 16. h4 1-0

[Event "FICGS class D 000045 email"]
[Site "FICGS email"]
[Date "2007.05.10"]
[Round "1"]
[White "Gruwe, Gary"]
[Black "Laneval, Olivier"]
[Result "1-0"]
[WhiteElo "1500"]
[BlackElo "1500"]
[PlyCount "67"]
[EventDate "2007.??.??"]
[EventType "tourn (corr)"]
[EventRounds "6"]
[SourceTitle "Corr 2022"]
[Source "ChessBase"]
[SourceDate "2021.10.24"]
[SourceVersion "1"]
[SourceVersionDate "2021.10.24"]
[SourceQuality "1"]

1. e4 c5 2. Nc3 Nc6 3. g3 g6 4. Bg2 Bg7 5. d3 d6 6. h3 e6 7. Nge2 Nge7 8. Be3 0-0 9. Qd2 a6 10. Bh6 d5 11. Bxg7 Kxg7 12. h4 d4 13. Na4 b6 14. h5 Ng8 15. 0-0-0 Ne5 16. f4 Ng4 17. Rde1 Bd7 18. Bf3 N4f6 19. hxg6 fxg6 20. e5 Nd5 21. c4 Nb4 22. Bxa8 Bxa4 23. b3 Bxb3 24. axb3 Qxa8 25. Nxd4 Qc8 26. Nc2 Nc6 27. g4 b5 28. Qe3 Na5 29. f5 Nxb3+ 30. Kb2 bxc4 31. f6+ Kf7 32. Rxh7+ Ke8 33. dxc4 Na5 34. Qd3 1-0

[Event "FICGS class D 000045 email"]
[Site "FICGS email"]
[Date "2007.05.10"]
[Round "1"]
[White "King, Kevin"]
[Black "Gruwe, Gary"]
[Result "1/2-1/2"]
[WhiteElo "1669"]
[BlackElo "1500"]
[PlyCount "74"]
[EventDate "2007.??.??"]
[EventType "tourn (corr)"]
[EventRounds "6"]
[SourceTitle "Corr 2022"]
[Source "ChessBase"]
[SourceDate "2021.10.24"]
[SourceVersion "1"]
[SourceVersionDate "2021.10.24"]
[SourceQuality "1"]

1. e4 c5 2. Nc3 e6 3. f4 d5 4. Nf3 d4 5. Ne2 Qc7 6. g3 Nf6 7. d3 Be7 8. Bg2 0-0 9. 0-0 Nc6 10. a3 Bd7 11. Qe1 Rfd8 12. h3 Rac8 13. Qf2 a5 14. Bd2 a4 15. g4 Be8 16. Ng3 b5 17. g5 Nd7 18. e5 c4 19. Ne4 Nc5 20. Nf6+ gxf6 21. gxf6 Bf8 22. Qg3+ Kh8 23. Ng5 h6 24. Qh4 cxd3 25. cxd3 Nb3 26. Bb4 Nxb4 27. axb4 Nxa1 28. Be4 Qc1 29. Rxc1 Rxc1+ 30. Kf2 Rdc8 31. Nh7 R8c2+ 32. Kf3 Nb3 33. Nxf8 Nd2+ 34. Kg3 Nxe4+ 35. dxe4 Rg1+ 36. Kf3 Rf1+ 37. Kg3 Rg1+ 1/2-1/2

[Event "FICGS class D 000034 email"]
[Site "FICGS email"]
[Date "2007.03.03"]
[Round "1"]
[White "Behrmann, Klaus"]
[Black "Gruwe, Gary"]
[Result "1/2-1/2"]
[WhiteElo "1651"]
[BlackElo "1441"]
[PlyCount "46"]
[EventDate "2007.??.??"]
[EventType "tourn (corr)"]
[EventRounds "6"]
[SourceTitle "Corr 2022"]
[Source "ChessBase"]
[SourceDate "2021.10.24"]
[SourceVersion "1"]
[SourceVersionDate "2021.10.24"]
[SourceQuality "1"]

1. e4 c6 2. d4 d5 3. e5 c5 4. c3 Nc6 5. Nf3 cxd4 6. cxd4 Bg4 7. Nbd2 e6 8. h3 Bf5 9. Be2 Nge7 10. 0-0 Qb6 11. Nb3 Nb4 12. Ne1 Rc8 13. Bd2 Nec6 14. Rc1 Rc7 15. a4 a5 16. Bb5 Be7 17. Bxb4 Bxb4 18. Nc5 0-0 19. Bxc6 Rxc6 20. Nd7 Rxc1 21. Qxc1 Qxd4 22. Nf3 Qe4 23. Ng5 Qh4 1/2-1/2

[Event "FICGS class D 000034 email"]
[Site "FICGS email"]
[Date "2007.03.03"]
[Round "1"]
[White "Nent, Alexander"]
[Black "Gruwe, Gary"]
[Result "1/2-1/2"]
[WhiteElo "1564"]
[BlackElo "1441"]
[PlyCount "37"]
[EventDate "2007.??.??"]
[EventType "tourn (corr)"]
[EventRounds "6"]
[SourceTitle "Corr 2022"]
[Source "ChessBase"]
[SourceDate "2021.10.24"]
[SourceVersion "1"]
[SourceVersionDate "2021.10.24"]
[SourceQuality "1"]

1. d4 Nf6 2. c4 e6 3. Nc3 Bb4 4. Qc2 Nc6 5. Nf3 Qe7 6. Bg5 d6 7. d5 exd5 8. cxd5 Ne5 9. Bxf6 Bxc3+ 10. Qxc3 Qxf6 11. e3 Bd7 12. Nxe5 Qxe5 13. Rd1 Rc8 14. Qb4 0-0 15. Be2 c5 16. Qxb7 Bf5 17. 0-0 Rb8 18. Qxa7 Ra8 19. Qc7 1/2-1/2

[Event "FICGS W-ch st1 g16 email"]
[Site "FICGS email"]
[Date "2007.01.16"]
[Round "1"]
[White "Gruwe, Gary"]
[Black "Gueci, Alberto"]
[Result "0-1"]
[WhiteElo "1427"]
[BlackElo "1786"]
[PlyCount "80"]
[EventDate "2007.??.??"]
[EventType "tourn (corr)"]
[EventRounds "8"]
[SourceTitle "Corr 2022"]
[Source "ChessBase"]
[SourceDate "2021.10.24"]
[SourceVersion "1"]
[SourceVersionDate "2021.10.24"]
[SourceQuality "1"]

1. d4 Nf6 2. Nf3 e6 3. Bg5 c5 4. e3 d5 5. Nbd2 Nc6 6. c3 h6 7. Bh4 Bd6 8. Bd3 0-0 9. 0-0 b6 10. Qe2 Bb7 11. Rfe1 Re8 12. Rac1 Rc8 13. Rcd1 e5 14. dxc5 bxc5 15. e4 d4 16. Nc4 Bc7 17. Nfd2 Re6 18. Qf3 Ne7 19. Nb3 Ng6 20. Nxc5 Nxh4 21. Qh3 Nh5 22. Nxe6 fxe6 23. Qxe6+ Kh7 24. Qg4 Nf4 25. Bf1 Bc6 26. Qg3 Qe7 27. b3 Rf8 28. a4 a6 29. Rd2 Rb8 30. Rb2 g5 31. Rbb1 Qd7 32. Kh1 a5 33. h3 Qd8 34. Kg1 Bd7 35. Kh1 Be6 36. Rec1 Qd7 37. Na3 d3 38. Nb5 Bb6 39. Rd1 Qf7 40. Rd2 Qh5 0-1

[Event "FICGS class E 000009 email"]
[Site "FICGS email"]
[Date "2006.07.26"]
[Round "1"]
[White "Gruwe, Gary"]
[Black "Cameron, Gerald"]
[Result "1-0"]
[WhiteElo "1200"]
[BlackElo "1500"]
[PlyCount "45"]
[EventDate "2006.??.??"]
[EventType "tourn (corr)"]
[EventRounds "5"]
[SourceTitle "Corr 2022"]
[Source "ChessBase"]
[SourceDate "2021.10.24"]
[SourceVersion "1"]
[SourceVersionDate "2021.10.24"]
[SourceQuality "1"]

1. d4 Nf6 2. Nf3 e6 3. Bg5 h6 4. Bh4 d6 5. Nbd2 g5 6. Bg3 Nh5 7. e4 Bg7 8. c3 Qe7 9. Bc4 Nxg3 10. hxg3 Bd7 11. Qe2 c5 12. dxc5 dxc5 13. 0-0-0 Nc6 14. g4 0-0-0 15. e5 f5 16. exf6 Qxf6 17. Qe3 Qe7 18. Ne4 Rhf8 19. Nxc5 Nb8 20. Bxe6 Rfe8 21. Rxd7 Nxd7 22. Qe4 Kb8 23. Qxb7# 1-0

[Event "FICGS class F 000006 email"]
[Site "FICGS email"]
[Date "2006.07.19"]
[Round "1"]
[White "Vasquez, Fernando Jose Pinto"]
[Black "Gruwe, Gary"]
[Result "1-0"]
[WhiteElo "1400"]
[BlackElo "1200"]
[PlyCount "53"]
[EventDate "2006.??.??"]
[EventType "tourn (corr)"]
[EventRounds "5"]
[SourceTitle "Corr 2022"]
[Source "ChessBase"]
[SourceDate "2021.10.24"]
[SourceVersion "1"]
[SourceVersionDate "2021.10.24"]
[SourceQuality "1"]

1. e4 d5 2. exd5 Nf6 3. d4 Bg4 4. f3 Bf5 5. c4 e6 6. Qb3 b6 7. g4 Bxb1 8. Rxb1 exd5 9. g5 Nfd7 10. cxd5 Be7 11. Nh3 0-0 12. Bd3 Re8 13. 0-0 Bd6 14. Qa4 Re7 15. Nf2 a6 16. f4 b5 17. Qc2 Kh8 18. Ng4 Qe8 19. Rf3 Qg8 20. Bd2 Nf8 21. f5 f6 22. Re1 Rxe1+ 23. Bxe1 fxg5 24. f6 gxf6 25. Nxf6 Qg7 26. Ne8 Qe7 27. Nxd6 1-0